000 00368nam a2200145Ia 4500
008 221030s9999 xx 000 0 und d
041 _aEnglish
082 _a105.23
_bOmp
100 _aOm Prakash
245 0 _aQuantum Mechanics For Engineers
260 _bQIP Center, University Of Roorkee, Roorkee
_aIndia
_c0
300 _a116
650 _aMechanical
942 _cBK
999 _c7542
_d7542